000 00834nas a2200277 4500
001 BR7308091
003 BR-BrBNA
005 20231205082648.0
007 ta
008 230509b bl.|||p| |||| 00| 00por d
040 _aBR-BrBNA
_bpor
_cBiblioteca Nacional de Agricultura
041 _a(Pt)
072 _aF00
100 1 _aSouza, L.G. de
100 1 _aLima, U. de A.
245 1 _aDiferentes ensaios com mostos de melaco de acucar demerara e a formacao de incrustacoes nas colunas de destilacao de etanol
_bParte de tese
650 _aDESTILARIA
650 _aMELACO
650 _aACUCAR
650 _aALCOOL
650 _aMOSTO
650 _aETANOL
773 0 _tBrasil Acucareiro (Brazil)
_xISSN 0006-9167
_g(Dec 1973), v. 82(6) p. 27-36
_wBR7308091
909 _a202311
_bLúcia
_c55
_dLúcia Elande
942 _2AGRIS
_n0
_cANA
999 _c93552
_d93552